Determinación de la demanda de transporte de pasajeros en el corredor Alajuela- San Jose para una posible implementación de trolebuses
Guardado en:
| Hovedforfatter: | |
|---|---|
| Format: | Bog |
| Udgivet: |
[San José , Costa Rica]
1985
|
| Fag: | |
| Tags: |
Tilføj Tag
Ingen Tags, Vær først til at tagge denne postø!
|
MARC
| LEADER | 00000nam a2200000Ia 4500 | ||
|---|---|---|---|
| 003 | 002685 | ||
| 005 | 20221231144405.0 | ||
| 008 | 140114s1985 cr a m 000 ||s d | ||
| 040 | |c cru CEDI | ||
| 090 | |a TFG 1615 | ||
| 100 | |a Salas Camacho, Rafael Angel |9 14648 | ||
| 245 | |a Determinación de la demanda de transporte de pasajeros en el corredor Alajuela- San Jose para una posible implementación de trolebuses | ||
| 260 | |c 1985 |a [San José , Costa Rica] | ||
| 300 | |a vii, 123 hojas : ilustraciones (algunas plegables) ; 28 cm | ||
| 500 | |a Proyecto de graduación (ingeniero civil)--Universidad de Costa Rica. Facultad de Ingeniería. Escuela de Ingeniería Civil | ||
| 650 | |x TROLEBUSES |x TRANSPORTE |9 14649 | ||
| 942 | |c TFG | ||
| 999 | |c 21168 |d 21168 | ||
